Virginia General Knowledge - Statistics

General Stats
  • This quiz has been taken 135 times
  • The average score is 11 of 15
Answer Stats
Hint Answer % Correct
One of the oldest capital cities in america Richmond
97%
America's first president, From Virginia George Washington
96%
Coastal city with a pretty boardwalk Virginia Beach
93%
City in the "Historic Triangle", Depicts colonial lifestyle Williamsburg/Yorktown/Jamestown
87%
rapper, singer, songwriter, record producer from above Pharrell Williams
83%
Major university in Blacksburg Virginia Tech
83%
Famous former president born in Shadwell Thomas Jefferson
81%
National park in the Blue Ridge Mountains Shenandoah
77%
Major city right outside of D.C. Arlington
76%
Waterfront city in southeastern Virginia Norfolk
73%
Nickname: ___ ___ _______ The Old Dominion
64%
Mountain town known for its giant star Roanoke
59%
Known as the "Mother Of ______" Presidents
44%
109-mile road that runs entire length of above NP Skyline Drive
44%
Historic battleship in Norfolk USS Wisconsin
23%
No matching quizzes found
Score Distribution
Percent of People with Each Score
Percentile by Number Answered
Your Score History
You have not taken this quiz